[Event "95th ch-GBR"]
[Site "Liverpool ENG"]
[Date "2008.08.04"]
[Round "7"]
[White "Pert,R"]
[Black "Berry,S"]
[Result "1-0"]
[WhiteElo "2468"]
[BlackElo "2363"]

1.d4 Nf6 2.Bg5 e6 3.e4 c5 4.d5 d6 5.Nc3 e5 6.Bb5+ Bd7 7.a4 Be7 8.Nf3 O-O
9.h3 Bc8 10.Be3 Nbd7 11.Qe2 Ne8 12.Nd2 g6 13.O-O Ng7 14.f4 Nh5 15.Bxd7 Bxd7
16.fxe5 Ng3 17.Qf3 Nxf1 18.Rxf1 dxe5 19.Bh6 Bg5 20.Bxf8 Qxf8 21.Nc4 Re8 22.Nb5 Bxb5
23.axb5 Qe7 24.Kh1 Rf8 25.b3 h5 26.g3 h4 27.d6 Qd8 28.gxh4 Bxh4 29.Nxe5 Qxd6
30.Nxf7 Qe7 31.Nh6+ Kg7 32.Qxf8+ Qxf8 33.Rxf8 Kxf8 34.c4 Bf2 35.Kg2 Bd4 36.Kf3 Ke7
37.Ng4 a6 38.bxa6 bxa6 39.Kf4 Bc3 40.Ne5 Bd2+ 41.Kg4 Kf6 42.Nd7+ Ke6 43.Nxc5+ Ke5
44.Nxa6 Kxe4 45.b4 Ke5 46.c5 Kd5 47.b5 Be3 48.c6 Kd6 49.Kf3 Bb6 50.Ke4  1-0

[Event "12th HZ Open"]
[Site "Vlissingen NED"]
[Date "2008.08.04"]
[Round "4"]
[White "Duijker,R"]
[Black "De Ridder,D"]
[Result "1-0"]
[WhiteElo "2220"]
[BlackElo "1845"]

1.d4 Nf6 2.Bg5 e6 3.Nd2 c5 4.e3 b6 5.Ngf3 Bb7 6.Bd3 h6 7.Bxf6 Qxf6 8.O-O d5
9.Ne5 Nc6 10.Bb5 Rc8 11.c4 Kd8 12.Nxc6+ Bxc6 13.Bxc6 Rxc6 14.Qa4 Rc7 15.cxd5 exd5
16.dxc5 Bxc5 17.b4 Bd6 18.Nf3 Ke7 19.Rad1 Rd8 20.Rd4 Qf5 21.Qb5 Rcd7 22.e4 a6
23.Qxb6 dxe4 24.Rxe4+ Qxe4 25.Re1 f5 26.Rxe4+ fxe4 27.Qe3 Be5 28.Qxe4 Rd1+
29.Ne1 Kf6 30.g3 R8d2 31.Kg2 Bd4 32.Kh3 Rxa2 33.Qf3+ Ke5 34.Qxd1 Bxf2 35.Nd3+ Ke4
36.Nxf2+ Rxf2  1-0

[Event "FSGM August"]
[Site "Budapest HUN"]
[Date "2008.08.08"]
[Round "7"]
[White "Duong The Anh"]
[Black "Fogarasi,T"]
[Result "1/2-1/2"]
[WhiteElo "2445"]
[BlackElo "2429"]

1.d4 Nf6 2.Bg5 e6 3.Nd2 c5 4.e3 cxd4 5.exd4 Be7 6.Ngf3 b6 7.Bd3 Bb7 8.O-O O-O
9.c3 d6 10.Re1 Nbd7 11.a4 a6 12.h3 Re8 13.Bf4 Nf8 14.Bg3 Ng6 15.Bc2 b5 16.axb5 axb5
17.Rxa8 Qxa8 18.Qa1 Nf8 19.Bb3  1/2-1/2

[Event "Open"]
[Site "Stare Mesto CZE"]
[Date "2008.08.08"]
[Round "1"]
[White "Karhanek,P"]
[Black "Dobes,V"]
[Result "1-0"]
[WhiteElo "2196"]
[BlackElo "1798"]

1.d4 Nf6 2.Bg5 e6 3.e3 d5 4.Nd2 Be7 5.Bd3 O-O 6.f4 b6 7.c3 Ba6 8.Bc2 c5 9.Qf3 Nbd7
10.Ne2 Re8 11.O-O b5 12.g4 b4 13.Rf2 Bxe2 14.Rxe2 bxc3 15.bxc3 cxd4 16.cxd4 Rb8
17.Qh3 Nf8 18.Bxf6 Bxf6 19.g5 Be7 20.Ba4 Nd7 21.Nf3 Bd6 22.g6 hxg6 23.Ng5 Nf6
24.Bxe8 Qxe8 25.Rc2 Rc8 26.Rxc8 Qxc8 27.Qf1 Qc3 28.Qc1 Qc7 29.Qxc7 Bxc7 30.Rc1 Ne8
31.Kf2 Kf8 32.Nf3 f6 33.Rg1 Nd6 34.Rxg6 Ne4+ 35.Kf1 Kf7 36.Rg2 Bb6 37.Rc2 Nd6
38.Nd2 Nf5 39.Ke2 Ke7 40.Nb3 Kd7 41.Nc5+ Kd6 42.a4 Ke7 43.Nb7 Kd7 44.Kd3 Ne7
45.a5 Bc7 46.Nc5+ Kd6 47.Nxe6 Nc6 48.Rxc6+ Kxc6 49.Nxc7 Kxc7 50.e4  1-0

[Event "Open"]
[Site "Ptuj SLO"]
[Date "2008.08.09"]
[Round "1"]
[White "Spelec,D"]
[Black "Markus,Rob"]
[Result "0-1"]
[WhiteElo "1997"]
[BlackElo "2572"]

1.d4 Nf6 2.Bg5 e6 3.e4 h6 4.Bxf6 Qxf6 5.Qd2 d6 6.Nc3 c6 7.Nf3 e5 8.O-O-O Be7
9.Kb1 O-O 10.Ne2 Re8 11.Ng3 Bf8 12.h3 Nd7 13.Nh2 Qf4 14.dxe5 dxe5 15.Ng4 Nc5
16.Bd3 Bxg4 17.hxg4 Qxg4 18.Nh5 Rad8 19.f3 Qe6 20.g4 Nxd3 21.cxd3 Be7 22.f4 exf4
23.Nxf4 Qe5 24.Qf2 Bg5 25.Nh3 Bf6 26.g5 hxg5 27.Ng1 g4 28.Qc2 Rd6 29.Ne2 g6
30.Rhg1 c5 31.Nc3 Rb6 32.d4 cxd4 33.Nd5 d3 34.Nxf6+ Rxf6  0-1

[Event "Open"]
[Site "Stare Mesto CZE"]
[Date "2008.08.09"]
[Round "2"]
[White "Jakubek,P"]
[Black "Blaha,B"]
[Result "1/2-1/2"]
[WhiteElo "2160"]
[BlackElo "1970"]

1.d4 Nf6 2.Bg5 e6 3.e4 Be7 4.e5 Nd5 5.Bd2 c5 6.c4 Nc7 7.dxc5 Bxc5 8.Nf3 Nc6
9.Nc3 Be7 10.Ne4 d6 11.exd6 Bxd6 12.Bc3 Bf8 13.Qb3 Na6 14.Be2 Qc7 15.O-O e5
16.Rfe1 Be7 17.c5 O-O 18.Bb5 Be6 19.Bc4 Bxc4 20.Qxc4 Nd4 21.Nxd4 exd4 22.Qxd4 f6
23.b4 Rad8 24.Qc4+ Kh8 25.Ng3 Nb8 26.Nf5 Bd6 27.g3 Be5 28.Rac1 Nc6 29.f4 Bxc3
30.Qxc3 a5 31.a3 axb4 32.axb4 Qd7 33.Nd6 b6 34.b5 bxc5 35.bxc6 Qxd6 36.Qxc5 Qxc5+
37.Rxc5 Kg8 38.Re2 Kf7 39.Rb5 Rd1+ 40.Kf2 Rc1 41.Rb7+ Kg6 42.Ree7 Rg8 43.c7 Rc8
44.f5+ Kxf5 45.Rxg7 h5 46.Ke3 Ke6 47.Rb6+ Kf5 48.Rf7 R8xc7 49.Rfxf6+ Kg4
50.Rf4+ Kh3 51.Rh4+ Kg2 52.Rb2+ Kg1 53.Rxh5 R1c3+ 54.Kd2 Rf3 55.Rbb5 Rd7+
56.Ke2 Rf2+ 57.Ke3 Rdd2 58.Rbd5 Rde2+ 59.Kd4 Rxh2 60.g4 Rxh5 61.Rxh5  1/2-1/2

[Event "Arctic Chess Challenge"]
[Site "Tromso NOR"]
[Date "2008.08.09"]
[Round "8"]
[White "Sowray,P"]
[Black "Arvola,B"]
[Result "1-0"]
[WhiteElo "2327"]
[BlackElo "2105"]

1.d4 Nf6 2.Bg5 e6 3.e3 h6 4.Bh4 c5 5.Nd2 Nc6 6.c3 b6 7.h3 Be7 8.Ngf3 Bb7
9.a3 d6 10.Bg3 O-O 11.Bd3 Re8 12.O-O Bf8 13.e4 cxd4 14.cxd4 e5 15.d5 Nb8
16.b4 Nh5 17.Bb5 Nxg3 18.fxg3 Nd7 19.Qa4 Re7 20.Bc6 Nf6 21.Rac1 a6 22.Bxb7 b5
23.Qc2 Rxb7 24.Nb3 Raa7 25.Na5 Qb6+ 26.Kh2 Rc7 27.Nc6 Nd7 28.Qd3 Ra8 29.Nd2 Nb8
30.Nb3 Nxc6 31.dxc6 Rxc6 32.Qd5 Rac8 33.Rxf7  1-0

[Event "Najdorf Memorial Open"]
[Site "Warsaw POL"]
[Date "2008.08.09"]
[Round "8"]
[White "Rafa,R"]
[Black "Jaskowski,T"]
[Result "1/2-1/2"]
[WhiteElo "2033"]
[BlackElo "2040"]

1.d4 Nf6 2.Bg5 e6 3.e4 d6 4.Nf3 Be7 5.Bd3 O-O 6.c4 h6 7.Bh4 Nh7 8.Bxe7 Qxe7
9.O-O c6 10.Nc3 Na6 11.Rc1 c5 12.Qe2 cxd4 13.Nxd4 Nc5 14.Bb1 a5 15.Ndb5 b6
16.Rcd1 Rd8 17.f4 Bb7 18.Rd2 Rd7 19.Rfd1 Rad8 20.Bc2 g6 21.a3 h5 22.b4 axb4
23.axb4 Na6 24.Na4 Nxb4 25.Nxb6 Nxc2 26.Nxd7 Rxd7 27.Rxc2 Nf6 28.Nc3 Rd8
29.h3 Qc7 30.e5 dxe5 31.Rxd8+ Qxd8 32.fxe5 Nd7 33.Nb5 Qg5 34.Nd6 Bc6 35.Nc8 Nxe5
36.Ne7+ Kg7 37.Nxc6 Nxc6 38.Qf2 e5 39.Qc5 Nd4 40.Ra2 Qe3+ 41.Kh1 Qe1+ 42.Kh2 h4
43.Ra5 Qg3+ 44.Kh1 Qe1+ 45.Kh2  1/2-1/2

[Event "Acropolis Open"]
[Site "Athens GRE"]
[Date "2008.08.10"]
[Round "2"]
[White "Stefanopoulos,O"]
[Black "Fernandez,Dani"]
[Result "1/2-1/2"]
[WhiteElo "2279"]
[BlackElo "2401"]

1.d4 Nf6 2.Bg5 e6 3.e3 d5 4.Nd2 c5 5.c3 Nc6 6.f4 Be7 7.Bd3 h6 8.Bh4 Bd7 9.Ngf3 cxd4
10.exd4 g5 11.fxg5 Nh5 12.Bf2 hxg5 13.g3 Bd6 14.O-O g4 15.Ne5 Nxe5 16.dxe5 Bxe5
17.Qxg4 Qc7 18.Bd4 O-O-O 19.Bxe5 Qxe5 20.Qd4 f6 21.Nf3 Qd6 22.Qxa7 Nxg3 23.Rf2 Ne4
24.Rg2 Rdg8 25.Qa8+ Qb8 26.Qxb8+ Kxb8 27.Re1 Nc5 28.Bc2 e5 29.Rxg8+ Rxg8+
30.Kf2 Ne6 31.Bf5 Kc7 32.Bxe6 Bxe6 33.h4 Bf7 34.Rg1 Rxg1 35.Kxg1 Kd6 36.Kf2 f5
37.a4 f4 38.Ng5 Bh5 39.a5 e4 40.b4 Bg4 41.Nf7+ Kc7 42.Ne5 e3+ 43.Ke1 Bh5
44.Nd3 f3 45.Nf4 Bf7 46.h5 d4 47.cxd4 Bc4 48.Nh3 Be6 49.Nf2 Kc6 50.h6 Bg8
51.Nd1 f2+ 52.Nxf2 exf2+ 53.Kxf2 Kd5 54.b5 Ke6 55.a6 bxa6 56.bxa6 Kf6 57.Ke3 Bd5
58.Kf4 Ba8 59.a7 Kg6 60.Ke5 Kxh6 61.Kf6 Kh7 62.Kf7 Kh8 63.Ke6 Kg7 64.Kd6 Kf7
65.Kc7 Ke6 66.Kb8 Bd5 67.a8=Q Bxa8 68.Kxa8 Kd5 69.Kb7 Kxd4  1/2-1/2

[Event "Acropolis Open"]
[Site "Athens GRE"]
[Date "2008.08.10"]
[Round "2"]
[White "Danielian,E"]
[Black "Fakhiridou,E"]
[Result "1-0"]
[WhiteElo "2495"]
[BlackElo "2274"]

1.d4 Nf6 2.Bg5 e6 3.Nd2 d5 4.e3 Be7 5.Bd3 O-O 6.Ngf3 Nbd7 7.c3 Re8 8.Bf4 Nf8
9.Ne5 c6 10.h4 N6d7 11.Qf3 f6 12.Ng4 Qb6 13.Rb1 c5 14.Qg3 cxd4 15.exd4 e5
16.dxe5 fxe5 17.Be3 Bc5 18.O-O Bxe3 19.Nxe3 Nf6 20.Rfe1 e4 21.Bc2 Be6 22.Nb3 Ng6
23.Nd4 Bf7 24.Bb3 Rad8 25.Ndf5 Qc5 26.Rbd1 b5 27.Rd4 Re5 28.h5 Nxh5 29.Qg5 Nf6
30.Ng4 Nxg4 31.Qxd8+ Re8 32.Qd6 Qc8 33.Rxd5 Bxd5 34.Qxd5+ Kh8 35.Nd6  1-0

[Event "Open A"]
[Site "Vladimir RUS"]
[Date "2008.08.15"]
[Round "4"]
[White "Derbenev,A"]
[Black "Mikheev,S"]
[Result "1-0"]
[WhiteElo "2302"]
[BlackElo "2244"]

1.d4 Nf6 2.Bg5 e6 3.Nf3 b6 4.e3 Bb7 5.Bd3 c5 6.c3 Be7 7.Nbd2 O-O 8.O-O Nc6
9.a3 Nd5 10.Bxe7 Qxe7 11.Qe2 Rad8 12.Ba6 Ba8 13.e4 Nf4 14.Qe3 Qf6 15.dxc5 bxc5
16.Qxc5 d5 17.Rfe1 d4 18.g3 dxc3 19.Qxc3 Qxc3 20.bxc3 Nd3 21.Red1 Nc5 22.Bb5 Na5
23.Re1 Rb8 24.Rab1 Rb6 25.e5 Bxf3 26.Nxf3 Rfb8 27.Red1 Ne4 28.Bd3 Rxb1 29.Rxb1 Rxb1+
30.Bxb1 Nxc3 31.Bd3 Nb3 32.Bc2 Nc5 33.Nd4 f6 34.Nc6 a6 35.f4 f5 36.Kf2 Nb5
37.a4 Nc3 38.Ke3 Kf8 39.Kd4 N3e4 40.Bxe4 Nxe4 41.Nb8 a5 42.Nc6 Ke8 43.Nxa5 Kd7
44.Nb3 Kc6 45.Kc4 g5 46.Nd4+ Kd7 47.a5 Nf2 48.Nxe6 gxf4 49.Nxf4 Ng4 50.e6+ Kc6
51.e7 Nf6 52.Nd5 Ne8 53.Kd4  1-0

[Event "35th Open"]
[Site "Manresa ESP"]
[Date "2008.08.19"]
[Round "8"]
[White "Bruzon Batista,L"]
[Black "Guliev,L"]
[Result "1-0"]
[WhiteElo "2592"]
[BlackElo "2436"]

1.d4 Nf6 2.Bg5 e6 3.Nf3 c5 4.e3 b6 5.d5 exd5 6.Bxf6 Qxf6 7.Nc3 Bb7 8.Nxd5 Qd6
9.Nc3 Na6 10.Qxd6 Bxd6 11.O-O-O Bc7 12.Bc4 Rd8 13.Rd2 Nb4 14.Rhd1 f6 15.Bb5 Bc6
16.Bxc6 Nxc6 17.Nh4 Ne7 18.Nd5 Nxd5 19.Rxd5 g6 20.Nf3 Rf8 21.c4 Rf7 22.Kc2 Re7
23.h3 Re6 24.b3 Ke7 25.Kd3 Rd6 26.Ke2 Rxd5 27.Rxd5 Rb8 28.g4 a6 29.Nd2 d6
30.Kd3 b5 31.Kc2 Ke6 32.a3 a5 33.e4 a4 34.cxb5 axb3+ 35.Nxb3 Ke7 36.Nd2 Rxb5
37.Nc4 Rb8 38.f4 Ke6 39.f5+ Ke7 40.Ne3 Kf7 41.Rd3 Re8 42.Nd5 Bd8 43.Nc3 Be7
44.a4 h5 45.Kb3 gxf5 46.gxf5 h4 47.Kc4 Rb8 48.Nb5 Ra8 49.Ra3 Ra5 50.Nc3 Bf8
51.Rb3 Bh6 52.Rb7+ Kf8 53.Rb5 Ra6 54.Rb8+ Kf7 55.Kb5 Ra7 56.a5 Bd2 57.a6 Rxa6
58.Rb7+ Kg8 59.Kxa6 Bxc3 60.Kb5 Be5 61.Kc4 Kh8 62.Kd5 Kg8 63.Rc7 Kh8 64.Ke6 Kg8
65.Kd5 Kh8 66.Rd7 Kg8 67.Kc4 Kh8 68.Re7 Kg8 69.Kd5 Bf4 70.Kc4 Bg3 71.Rd7 Bf4
72.Kd3 Be5 73.Rc7 Kh8 74.Ke2 Kg8 75.Kf3 Bg3 76.Kg4 Kf8 77.e5 Bxe5 78.Kxh4 Ke8
79.Kg4 Kd8 80.Rg7 c4 81.Kf3 c3 82.Ke2 Bf4 83.Kd3 Bd2 84.h4 Ke8 85.h5 Kf8
86.Rg6  1-0

[Event "5th DA Tan Malaysian Open"]
[Site "Kuala Lumpur MAS"]
[Date "2008.08.20"]
[Round "5"]
[White "Rahman,Zia"]
[Black "Legaspi,R"]
[Result "1/2-1/2"]
[WhiteElo "2564"]
[BlackElo "2315"]

1.d4 Nf6 2.Bg5 e6 3.e4 h6 4.Bxf6 Qxf6 5.c3 d6 6.Bd3 Qg5 7.Ne2 Qxg2 8.Ng3 Qh3
9.Nd2 Qh4 10.Rg1 Nd7 11.Qe2 g6 12.O-O-O Qf4 13.Kb1 c6 14.Qf1 Kd8 15.Ne2 Qf6
16.f4 Kc7 17.e5 Qd8 18.c4 d5 19.cxd5 cxd5 20.Rc1+ Kb8 21.Nb3 a6 22.Rc2 Ka7
23.Qf2 b6 24.a4 Bb4 25.Nec1 Bb7 26.Na2 Be7 27.Rgc1 Rc8 28.Rxc8 Bxc8 29.a5 Bb7
30.axb6+ Qxb6 31.Nc5 Nb8 32.Nc3 Nc6 33.N3a4 Qb4 34.Qf1 Bxc5 35.Nxc5 Nxd4
36.Bxa6 Bc6 37.Qf2 Rb8 38.Bf1 Rb6 39.Nd3 Qa4 40.Nc5 Qb4  1/2-1/2

[Event "28th Open"]
[Site "Bratto ITA"]
[Date "2008.08.22"]
[Round "1"]
[White "Cebalo,M"]
[Black "Lampl,G"]
[Result "1-0"]
[WhiteElo "2523"]
[BlackElo "2155"]

1.d4 Nf6 2.Bg5 e6 3.e4 h6 4.Bxf6 Qxf6 5.Nc3 Bb4 6.a3 Ba5 7.Qd2 c5 8.dxc5 Bxc3
9.Qxc3 Qxc3+ 10.bxc3 b6 11.cxb6 axb6 12.Bd3 Na6 13.Ne2 Nc5 14.Kd2 Ba6 15.Rhb1 Bxd3
16.cxd3 Ra6 17.Nd4 Ke7 18.Rb5 Rha8 19.Nc2 d6 20.Rab1 Nd7 21.h4 g6 22.d4 Ra5
23.g4 Nf6 24.f3 Nd7 25.Kd3 Kd8 26.f4 Kc7 27.e5 d5 28.Rxa5 Rxa5 29.f5 Ra8
30.fxe6 fxe6 31.Rf1 Rf8 32.Rxf8 Nxf8 33.c4 dxc4+ 34.Kxc4 Nd7 35.Nb4 Kb7 36.a4 Kc7
37.Nd3 Kc6 38.Nf4 Nf8 39.Nxe6  1-0

[Event "Jessie Gilbert Celebration Int"]
[Site "Coulsdon ENG"]
[Date "2008.08.22"]
[Round "7"]
[White "Fowler,S"]
[Black "Osborne,M"]
[Result "1/2-1/2"]
[WhiteElo "2256"]
[BlackElo "2232"]

1.d4 Nf6 2.Bg5 e6 3.Nd2 c5 4.c3 cxd4 5.cxd4 h6 6.Bxf6 Qxf6 7.Ngf3 Nc6 8.e3 g5
9.Bd3 d5 10.Rc1 Bd6 11.O-O O-O 12.Nb3 e5 13.dxe5 Nxe5 14.Nxe5 Qxe5 15.Qh5 Kg7
16.Rfd1 g4 17.Qxe5+ Bxe5 18.Rd2 Be6 19.g3 Rfc8 20.Rcd1 Rc7 21.Bb1 Rac8 22.a3 h5
23.Nd4 Kf6 24.Ba2 Bxd4 25.Rxd4 Rc2 26.R4d2 Rxd2 27.Rxd2 Rc1+ 28.Kg2 d4 29.Bxe6 dxe3
30.fxe3 fxe6 31.Kf2 Rh1 32.Kg2 Re1 33.Kf2 Rh1 34.Kg2 Rb1 35.Kf2 Kg5 36.Rc2 Kf5
37.Ke2 Ke4 38.Rc4+ Kd5 39.Rc2 e5 40.Kd3 Rd1+ 41.Ke2 Rh1 42.Kd3 Rd1+ 43.Ke2 Rh1
44.Kd3 e4+ 45.Kc3 Re1 46.Kd2 Rh1 47.Kc3 Ke5 48.Rf2 Rd1 49.Kc2 Rd3 50.Re2 Kf5
51.Re1 Kg5 52.Re2 h4 53.Re1 hxg3 54.hxg3 Kf5 55.Re2 Ke5 56.Re1 a5 57.Re2 b5
58.Re1 b4 59.axb4 axb4 60.b3 Rc3+ 61.Kb2 Rc8 62.Rc1 Rf8 63.Rc5+ Kd6 64.Rc4 Rf2+
65.Kc1 Rg2 66.Rxb4 Rxg3 67.Rxe4 Rg2 68.b4 g3 69.Rg4 Rg1+ 70.Kd2 g2 71.Ke2 Rb1
72.Rxg2 Rxb4 73.Rg5 Ke6 74.Kd3 Ra4 75.Rh5 Ra3+ 76.Ke4 Ra4+ 77.Kf3 Rb4 78.Rc5 Ra4
79.Rb5 Rc4 80.e4 Rc1 81.Rd5 Rf1+ 82.Ke3 Re1+ 83.Kd3 Rd1+  1/2-1/2

[Event "X Sants Open"]
[Site "Barcelona ESP"]
[Date "2008.08.23"]
[Round "2"]
[White "Ibanez Terradellas,E"]
[Black "Salgado Lopez,I"]
[Result "1/2-1/2"]
[WhiteElo "2237"]
[BlackElo "2532"]

1.d4 Nf6 2.Bg5 e6 3.e4 h6 4.Bxf6 Qxf6 5.Nc3 Bb4 6.Qd3 b6 7.e5 Qg6 8.Qxg6 fxg6
9.h4 Bb7 10.Rh3 O-O 11.Ne2 Be7 12.g3 g5 13.hxg5 hxg5 14.f4 Bf3 15.Kf2 Bg4
16.Rh2 Na6 17.Bg2 c6 18.Bf3 Bf5 19.Ne4 g4 20.Bg2 Kf7 21.a3 b5 22.Nc1 Rh8
23.Rxh8 Rxh8 24.Nd3 Rh2 25.Re1 g6 26.Kg1 Rh8 27.c3 Rc8 28.Ndc5 Nxc5 29.Nxc5 Rc7
30.Rd1 a5 31.Kf2 Ra7 32.Ra1 Ke8 33.Ke3 Kd8 34.Kd2 Kc7 35.Rh1 g5 36.Rh8 gxf4
37.gxf4 Bxc5 38.dxc5 b4 39.cxb4 axb4 40.axb4 Ra2 41.Kc3 Ra1 42.Rh1  1/2-1/2

[Event "Liga Nacional Ajedrez"]
[Site "Villa Martelli ARG"]
[Date "2008.08.23"]
[Round "3"]
[White "Krysa,L"]
[Black "Arca,N"]
[Result "1-0"]
[WhiteElo "2066"]
[BlackElo "1993"]

1.d4 Nf6 2.Bg5 e6 3.e4 h6 4.Bxf6 Qxf6 5.c3 d6 6.Bd3 Nd7 7.Ne2 g6 8.O-O Bg7
9.Nd2 Qe7 10.f4 f5 11.Qb3 d5 12.exd5 exd5 13.Rae1 Qe3+ 14.Kh1 Qxd2 15.Nc1+ Kd8
16.Re2 Qxe2 17.Bxe2 Nf6 18.Nd3 Rf8 19.Bf3 c6 20.Ne5 g5 21.Qa3 g4 22.Re1 gxf3
23.Qd6+ Ke8 24.gxf3  1-0

[Event "XIII Konik Morski Open A"]
[Site "Rewal POL"]
[Date "2008.08.26"]
[Round "6"]
[White "Nguyen,P"]
[Black "Witek,T"]
[Result "1/2-1/2"]
[WhiteElo "2329"]
[BlackElo "2125"]

1.d4 Nf6 2.Bg5 e6 3.e4 h6 4.Bxf6 Qxf6 5.c3 d5 6.Nd2 c5 7.e5 Qd8 8.dxc5 Bxc5
9.Nb3 Bb6 10.Nf3 Nc6 11.Bd3 Bd7 12.Qe2 Rc8 13.O-O O-O 14.Rae1 f5 15.exf6 Qxf6
16.Bb1 Rf7 17.Kh1 Rcf8 18.Nbd4 Bc7 19.Kg1 g5 20.h3 e5 21.Nxc6 Bxc6 22.Nxe5 Bxe5
23.Qxe5 Bb5 24.Qxd5 Bxf1 25.Rxf1 Rd8 26.Qc5 b6 27.Qe3 Re7 28.Be4 Kg7 29.Re1 Qf4
30.Qxf4 gxf4 31.Re2 Rd1+ 32.Kh2 Kf6 33.b3 h5 34.h4 Rc1 35.c4 Rd1 36.f3 Re5
37.g3 fxg3+ 38.Kxg3 Re7 39.a4 Rh1 40.a5 Rg7+ 41.Kf4 Rxh4+ 42.Ke3 Rh1 43.Rd2 bxa5
44.Rd6+ Ke7 45.Ra6 Kd8 46.Rxa5 h4 47.Rh5 h3 48.Kd4 h2 49.Kc5 Kc7 50.b4 Re7
51.b5 Rg7 52.Bd5 Re7 53.f4 Rf1 54.Rxh2 Rxf4 55.Rh8 Rf1 56.Rg8 Rfe1 57.Rg6 Ra1
58.Rc6+ Kd8 59.Rh6 Kc7 60.Rc6+ Kd8 61.Rd6+ Kc7 62.Be6 Kb7 63.Rc6 Rc7 64.Bd5 Rxc6+
65.Bxc6+ Kc7 66.Bd5  1/2-1/2

[Event "8th Open"]
[Site "Velika Gorica CRO"]
[Date "2008.08.26"]
[Round "5"]
[White "Martinovic,Sa"]
[Black "Smuk,Z"]
[Result "1-0"]
[WhiteElo "2395"]
[BlackElo "2156"]

1.d4 Nf6 2.Bg5 e6 3.e4 Be7 4.e5 Nd5 5.Bd2 c5 6.Qg4 Kf8 7.c4 Nb4 8.Bxb4 cxb4
9.Nf3 d6 10.exd6 Bxd6 11.Be2 Nd7 12.Nbd2 Nf6 13.Qg5 h6 14.Qe3 Qc7 15.c5 Bf4
16.Qb3 Bxd2+ 17.Nxd2 a5 18.Nc4 Bd7 19.O-O Bc6 20.a3 bxa3 21.Rxa3 a4 22.Qc2 Qf4
23.Rd1 Ng4 24.Bxg4 Qxg4 25.f3 Qg5 26.Ne5 Bd5 27.Rxa4 Qe3+ 28.Kf1 Ke7 29.c6 bxc6
30.Qc5+  1-0

[Event "XLII Open"]
[Site "Mislata ESP"]
[Date "2008.08.29"]
[Round "7"]
[White "Mellado Trivino,J"]
[Black "Komljenovic,D"]
[Result "1-0"]
[WhiteElo "2413"]
[BlackElo "2452"]

1.d4 Nf6 2.Bg5 e6 3.e4 h6 4.Bxf6 Qxf6 5.Nc3 Bb4 6.Qd2 c5 7.e5 Qd8 8.dxc5 Qc7
9.f4 Qxc5 10.Nge2 O-O 11.a3 Qa5 12.O-O-O Be7 13.Nd4 Nc6 14.Nb3 Qc7 15.Ne4 Nxe5
16.fxe5 Qxe5 17.Qd4 Qf4+ 18.Ned2 Qc7 19.Bd3 d5 20.Rhf1 Qxh2 21.g3 Qh5 22.Kb1 Rd8
23.g4 Qh3 24.Qf2 Rf8 25.Rh1 Qxg4 26.Rdg1 Qa4 27.Rxh6 f5 28.Qh2 Qe8 29.Rh8+ Kf7
30.Rxg7+ Kf6  1-0

[Event "ch-FAOGBA sf"]
[Site "Ciudadela ARG"]
[Date "2008.08.31"]
[Round "8"]
[White "Rasgido,A"]
[Black "Ucha,L"]
[Result "1-0"]
[WhiteElo "2024"]
[BlackElo "2044"]

1.d4 Nf6 2.Bg5 e6 3.e4 h6 4.Bxf6 Qxf6 5.Nc3 g6 6.Qd2 Bg7 7.e5 Qe7 8.f4 d6
9.Nf3 a6 10.Bd3 b5 11.O-O Bb7 12.d5 O-O 13.dxe6 Qxe6 14.f5 gxf5 15.Nd4 Qxe5
16.Nxf5 b4 17.Ne2 Nd7 18.Neg3 Rae8 19.Nxg7 Kxg7 20.Nf5+ Kg8 21.Qxh6 Qc5+
22.Rf2  1-0

[Event "Open A"]
[Site "Graz SUI"]
[Date "2008.08.31"]
[Round "2"]
[White "Radicevic,M"]
[Black "Pirker,C"]
[Result "0-1"]
[WhiteElo "2022"]
[BlackElo "2150"]

1.d4 Nf6 2.Bg5 e6 3.c4 c5 4.e3 Qb6 5.Qb3 Qxb3 6.axb3 Ne4 7.Bf4 cxd4 8.Bd3 Bb4+
9.Ke2 Nc5 10.exd4 Nxb3 11.Ra4 Nxd4+ 12.Kf1 Nbc6 13.Ne2 Nb3 14.Bc2 Nc5 15.Ra1 e5
16.Be3 d6 17.Nbc3 Be6 18.b3 O-O 19.f3 a5 20.Kf2 Bxc3 21.Nxc3 Nb4 22.Bxc5 Nxc2
23.Rac1 dxc5 24.Rxc2 Rfd8 25.Ke3 b6 26.g4 f5 27.h3 Rd4 28.Nb5 Rd7 29.Rhh2 Rad8
30.Rhd2 Kf7 31.Nc3 Rd4 32.Na4 R8d6 33.Nc3 Kf6 34.Rh2 Rd3+ 35.Ke2 a4 36.bxa4 Bxc4
37.Kf2 Rd2+ 38.Rxd2 Rxd2+ 39.Kg3 f4+  0-1

[Event "6th Master Open"]
[Site "Amantea ITA"]
[Date "2008.09.01"]
[Round "2"]
[White "Bentivegna,F"]
[Black "Maiorov,N1"]
[Result "1/2-1/2"]
[WhiteElo "2329"]
[BlackElo "2535"]

1.d4 Nf6 2.Bg5 e6 3.e4 h6 4.Bxf6 Qxf6 5.Nc3 Bb4 6.Ne2 d6 7.Qd2 Nc6 8.a3 Ba5
9.f4 g5 10.e5 Qg6 11.exd6 cxd6 12.d5 exd5 13.O-O-O Be6 14.Nd4 O-O-O 15.Nb3 Bxc3
16.Qxc3 Kb8 17.Bd3 Bf5 18.Bxf5 Qxf5 19.fxg5 hxg5 20.Rhf1 Qe6 21.h3 Ne5 22.Qd4 g4
23.hxg4 Nxg4 24.Rfe1 Qh6+ 25.Kb1 f5 26.Re7 Rh7 27.Rde1 Qh4 28.Rxh7 Qxh7 29.Qxd5 Nf6
30.Qd4 Ne4 31.Ka2 Rc8 32.Re2 Qg8 33.Kb1 Qg4 34.Qe3 Rc3 35.bxc3 Qxe2 36.Qd4 Qxg2
37.Qh8+ Kc7 38.Qh7+ Kb6 39.Qxf5 Nxc3+ 40.Kb2 Na4+ 41.Ka2 Nc5 42.Nxc5 dxc5
43.Qf6+ Qc6 44.Qd8+ Ka6 45.Qd2 Qe6+ 46.Kb2 Qe5+ 47.Ka2 Qe4 48.Qd6+ b6 49.Kb1 Ka5
50.Qd7 a6 51.Qd2+ Ka4 52.Qc3 Qd5 53.Qb2 Qe6 54.Ka1 Qd5 55.Kb1 Qd8 56.Qc3 Qg8
57.Kb2 Qd5 58.Kb1 b5 59.Qb2 a5 60.Qc3 b4 61.axb4 cxb4 62.Qe3 Kb5 63.Qe8+ Qc6
64.Qe3 a4 65.Qe5+ Ka6 66.Qe2+ Qb5 67.Qe6+ Ka5 68.Qd6 Qb6 69.Qd5+ Qb5 70.Qd8+ Qb6  1/2-1/2

[Event "Open A"]
[Site "Graz SUI"]
[Date "2008.09.02"]
[Round "4"]
[White "Spelec,D"]
[Black "Pfaffel,T"]
[Result "1/2-1/2"]
[WhiteElo "1997"]
[BlackElo "2144"]

1.d4 Nf6 2.Bg5 e6 3.e4 h6 4.Bxf6 Qxf6 5.Qd2 c5 6.e5 Qd8 7.d5 d6 8.Bb5+ Bd7
9.Nc3 Bxb5 10.Nxb5 a6 11.Nxd6+ Bxd6 12.exd6 Qxd6 13.O-O-O Qxd5  1/2-1/2

[Event "Open"]
[Site "Herzliya ISR"]
[Date "2008.09.03"]
[Round "2"]
[White "Hertz,Y"]
[Black "Kinberg,O"]
[Result "0-1"]
[WhiteElo "2013"]
[BlackElo "2118"]

1.d4 Nf6 2.Bg5 e6 3.e4 h6 4.Bxf6 Qxf6 5.c3 d5 6.e5 Qd8 7.Nf3 c5 8.a3 c4 9.g3 Qb6
10.Qc2 Nc6 11.Nbd2 Na5 12.h4 Bd7 13.Bh3 Be7 14.O-O O-O-O 15.a4 Rdg8 16.h5 g6
17.hxg6 fxg6 18.Nh2 g5 19.Ng4 h5 20.Ne3 g4 21.Bg2 Bg5 22.b3 cxb3 23.Qd1 h4
24.gxh4 Rxh4 25.f4 gxf3 26.Qxf3 Bf4 27.Rf2 Rg3 28.Nxd5 exd5 29.Qxd5 Qh6 30.Kf1 Bc6
31.Qxa5 Bxg2+ 32.Rxg2 Rh1+ 33.Kf2 Rxg2+ 34.Kxg2 Qh3+ 35.Kf2 Rh2+  0-1

[Event "TCh-ESP Hon Gp1"]
[Site "Cala Mayor ESP"]
[Date "2008.09.04"]
[Round "2"]
[White "Bellon Lopez,JuM"]
[Black "Kuzubov,Y"]
[Result "0-1"]
[WhiteElo "2425"]
[BlackElo "2578"]

1.d4 Nf6 2.Bg5 e6 3.e4 h6 4.Bxf6 Qxf6 5.Nf3 d6 6.Nc3 Bd7 7.Qd2 g5 8.e5 Qd8
9.Ne4 Be7 10.h3 Bc6 11.Qe3 Nd7 12.O-O-O Bxe4 13.Qxe4 d5 14.Qe3 c6 15.Kb1 Qb6
16.h4 g4 17.Ne1 c5 18.c3 O-O-O 19.Be2 h5 20.Nd3 Kb8 21.f3 c4 22.Nc1 f5 23.exf6 Nxf6
24.fxg4 hxg4 25.Ka1 Qd6 26.g3 Rdg8 27.Rde1 Ne4 28.Rhg1 Bf8 29.Rg2 Bh6 30.Qg1 Nd2
31.Qh1 e5 32.dxe5 Qg6 33.Bd3 cxd3 34.Rd1 Qe4 35.a3 Re8 36.Re1 Qf3 37.Qg1 Ne4
38.Rf1 d2 39.Ne2 Qd3 40.Nf4 Bxf4 41.gxf4 g3 42.Rd1 Rxh4  0-1

[Event "ch-ISL"]
[Site "Reykjavik ISL"]
[Date "2008.09.04"]
[Round "9"]
[White "Kristjansson,St"]
[Black "Olafsson,Thorv"]
[Result "1-0"]
[WhiteElo "2477"]
[BlackElo "2177"]

1.d4 Nf6 2.Bg5 e6 3.e4 h6 4.Bxf6 Qxf6 5.Nc3 Bb4 6.Qd3 d5 7.e5 Qe7 8.O-O-O Bxc3
9.Qxc3 b6 10.f4 c5 11.Nf3 Ba6 12.f5 Bxf1 13.Rhxf1 Nc6 14.Kb1 c4 15.Ng1 Qb4
16.fxe6 fxe6 17.Qh3 c3 18.b3 Ne7 19.Ne2 Nf5 20.g4 Ne7 21.Nxc3 Rc8 22.Kb2 b5
23.Qd3 a6 24.a4 Rc4 25.Na2  1-0

[Event "17th CRO-chT 1b"]
[Site "Sibenik CRO"]
[Date "2008.09.04"]
[Round "8"]
[White "Miladinovic,I"]
[Black "Kovacevic,A"]
[Result "0-1"]
[WhiteElo "2571"]
[BlackElo "2585"]

1.d4 Nf6 2.Bg5 e6 3.e3 c5 4.c3 b6 5.Nd2 Bb7 6.Ngf3 Be7 7.Bxf6 Bxf6 8.Bd3 Nc6
9.Qe2 d5 10.dxc5 bxc5 11.e4 O-O 12.e5 Be7 13.h4 Qc7 14.O-O-O Rfd8 15.Ng5 h6
16.f4 c4 17.Bc2 Bc5 18.Rh3 Rab8 19.Qh5 Bc8 20.Rg3 Qb7 21.b3 cxb3 22.Nxb3 Bf2
23.Rdd3 Qe7 24.Rdf3 Bxg3 25.Rxg3 f5 26.exf6 Qxf6 27.Nh3 Bd7 28.Qf3 Be8 29.Nf2 e5  0-1

[Event "Open A"]
[Site "Graz SUI"]
[Date "2008.09.05"]
[Round "7"]
[White "Nickl,K"]
[Black "Saxer,Be"]
[Result "1-0"]
[WhiteElo "2162"]
[BlackElo "2008"]

1.d4 Nf6 2.Bg5 e6 3.e4 h6 4.Bxf6 Qxf6 5.c3 d6 6.Bd3 g6 7.Ne2 Bg7 8.O-O Qe7
9.f4 c5 10.dxc5 dxc5 11.e5 Bd7 12.Nd2 Bc6 13.Nc4 O-O 14.a4 Na6 15.Ng3 Rad8
16.Qe2 Nc7 17.Na5 Nd5 18.Nxc6 bxc6 19.Ne4 a5 20.Rad1 Qa7 21.Bc4 Rb8 22.Rd2 Nb6
23.b3 Nd5 24.Rf3 f6 25.exf6 Bxf6 26.Nxf6+ Rxf6 27.Qe5 Rbf8 28.Rdf2 Qd7 29.h4 Rf5
30.Qe4 Qd6 31.g3 Kh8 32.Rd2 g5 33.hxg5 hxg5 34.Rh2+ Kg7 35.Rd3 Rh8 36.Rxh8 Kxh8
37.g4 Qxf4 38.Qh1+ Kg7 39.gxf5 Qc1+ 40.Kh2 Qf4+ 41.Rg3 Qh4+ 42.Rh3 Qf4+ 43.Kg1 Qg4+
44.Kf2  1-0